000 00208 a2200097 4500
001 48524
100 _aOmmanney, F.D
245 _aThe ocean
260 _aLondon
_bOxford univ press
_c
090 _c31458
_d31458
942 _aNUST-CAE
_cM
_c23845
999 _c283597
_d283597